| 000 | 01172nam a2200253Ia 4500 | ||
|---|---|---|---|
| 999 |
_c34716 _d34716 |
||
| 001 | 503 | ||
| 003 | GE_BSU | ||
| 005 | 20200421200138.0 | ||
| 008 | 181216s2008||||ge |||||||||||||| ||geo|| | ||
| 020 | _a9789994097586 | ||
| 040 | _cGE_BSU | ||
| 041 | _ageo | ||
| 080 | _a616(075.8)+616.3(075.8)+613.62(075.8)615.874(075.8) შ–66 | ||
| 245 |
_aშინაგანი სნეულებანი 2 ტომად : _b, კომპაქტ-დისკებით. ტ. 2 / _cმთ.რედ : ნოდარ ემუხვარი და დინარა კასრაძე. |
||
| 250 | _aI-ლი გამოც. | ||
| 264 |
_aთბილისი : _bმთაწმინდელი, _c2009. |
||
| 300 |
_a940 გვ.; _b+ 1 CD _c22 სმ. |
||
| 490 |
_aსასწავლო ლიტერატურა, _xISSN 1512-3103 |
||
| 653 | _aშინაგანი სნეულებანი | ||
| 653 | _aმედიცინა | ||
| 700 |
_a ემუხვარი, ნოდარ _eრედაქტორი _96345 |
||
| 700 |
_aკასრაძე, დინარა _eრედაქტორი _96346 |
||
| 942 |
_cBK _2udc |
||